| 000 | 02528cam a2200397 a 4500 | ||
|---|---|---|---|
| 001 | 3542380 | ||
| 005 | 19980102145116.3 | ||
| 008 | 970416s1998 maua b 001 0 eng | ||
| 010 | _a | ||
| 020 | _a0071311238 | ||
| 020 | _a9780071311236 | ||
| 040 |
_aDLC _cDLC _dDLC |
||
| 050 | 0 | 0 |
_aHG4521 _b.B563 1998 |
| 082 | 0 | 0 |
_a332.6 _bBOD |
| 100 | 1 |
_aBodie, Zvi. _99024 |
|
| 245 | 1 | 0 |
_aEssentials of Investments / _cZvi Bodie, Alex Kane, Alan J. Marcus. |
| 250 | _a8th ed | ||
| 260 |
_aBoston, Mass. : _bIrwin/McGraw Hill, 2010 _c2010 |
||
| 300 |
_axxvii, 722 p. : _bill. (some col.) ; _c27 cm. |
||
| 440 | 0 |
_aIrwin/McGraw-Hill series in finance, insurance, and real estate _99025 |
|
| 504 | _aIncludes bibliographical references (p. 717-722) and indexes. | ||
| 650 | 0 |
_aInvestments. _99026 |
|
| 653 |
_bEco _cOctober2011 |
||
| 700 | 1 |
_aKane, Alex. _99027 |
|
| 700 | 1 |
_aMarcus, Alan J. _99028 |
|
| 942 |
_2ddc _cBB |
||
| 999 |
_c14789 _d14789 |
||